Sportesemények jegyértékesítése Az olimpiai játékok egy ATR szemszögéből

Bibliographic Details
Main Author: Bánhidi Richárd
Other Authors: Csekő Dr. Katalin
Format: Thesis
Kulcsszavak:Olimpia
Jegyértékesítés
Disztribútor
Sport
Online Access:http://dolgozattar.uni-bge.hu/12552

MARC

LEADER 00000nta a2200000 i 4500
001 dolg12552
005 20171005121454.0
008 170606suuuu hu om 000 hun d
040 |a BGE Dolgozattár Repozitórium  |b hun 
041 |a hu 
100 1 |a Bánhidi Richárd 
245 1 0 |a Sportesemények jegyértékesítése Az olimpiai játékok egy ATR szemszögéből  |c Bánhidi Richárd  |h [elektronikus dokumentum] 
695 |a Olimpia 
695 |a Jegyértékesítés 
695 |a Disztribútor 
695 |a Sport 
700 1 |a Csekő Dr. Katalin  |e ths 
856 4 0 |u http://dolgozattar.uni-bge.hu/12552/1/Sportesemenyek%20jegyertekesitese.pdf  |z Dokumentum-elérés